000 00716nam a2200229Ii 4500
003 JO-AjNU
008 230605s9999||||xx |||||||||||||| ||und||
017 _a2009/5/1803
020 _a978-9957-22-281-9
040 _aJO-AjNU
_bara
_erda
_cJO-AjNU
041 _aara
050 1 4 _aHD62.4.A44.2010
100 3 _aالعكة،محمود,
_eauthor
_929376
245 0 0 _aادارة الاعمال الدولية
250 _aط1
264 3 1 _aعمان:دار اسامة للنشر والتوزيع،2010
300 _a256ص
336 _atext
_btxt
_2rdacontent
337 _aunmediated
_bn
_2rdamedia
338 _avolume
_bnc
_2rdacarrier
650 4 _aادارة الاعمال-ادارة الانتاج
_929377
999 _aA11512
_c15080
_d15080